[Event "34th Chess Olympiad (men)"]
[Site "Istanbul"]
[Date "2000.10.29"]
[Round "2.58.4"]
[White "Vella, Duncan"]
[Black "Cecchetti, Roberto"]
[WhiteElo "2000"]
[BlackElo "2000"]
[WhiteCountry "MLT"]
[BlackCountry "SMR"]
[Result "1-0"]

1. e4 d6 2. d4 Nf6 3. Nc3 c6 4. Bd3 Qa5 5. h3 e5 6. Nf3 Nbd7 7. Bd2 Qc7 
8. a4 Be7 9. O-O O-O 10. Ne2 c5 11. c3 c4 12. Bc2 b6 13. Ng3 Bb7 14. Nf5 Rfe8 
15. Nxe7+ Rxe7 16. d5 Ree8 17. Qe2 a6 18. Nh4 b5 19. a5 Nc5 20. Bg5 Bc8 
21. Bxf6 gxf6 22. f4 Kh8 23. fxe5 fxe5 24. Qh5 Ra7 25. Rf6 Rg8 26. Rh6 Rg7 
27. Nf5 Bxf5 28. exf5 f6 29. Rxf6 Rxg2+ 30. Kxg2 Qg7+ 31. Rg6 Qf7 32. Rd1 e4 
33. Rg5 Qe7 34. f6 Qf8 35. Rf1 Rf7 36. Rg7 Rxf6 37. Qxh7# 
1-0

[Event "34th Chess Olympiad (men)"]
[Site "Istanbul"]
[Date "2000.10.29"]
[Round "2.59.1"]
[White "Kesmaecker, Philippe"]
[Black "Allen, Daryl"]
[WhiteElo "2293"]
[BlackElo "2000"]
[WhiteCountry "MNC"]
[BlackCountry "ISV"]
[Result "1/2-1/2"]

1. b4 e5 2. Bb2 d6 3. c4 Nf6 4. e3 Bg4 5. Qb3 Be7 6. Nf3 O-O 7. Nc3 Nbd7 
8. d3 c6 9. Be2 h6 10. O-O Be6 11. d4 Qc7 12. a4 a5 13. b5 c5 14. dxe5 dxe5 
15. Rfd1 e4 16. Nd2 Ng4 17. Nf1 f5 18. Bxg4 fxg4 19. Nxe4 Rf7 20. Qc3 Raf8 
21. f4 gxf3 22. gxf3 Nf6 23. Nfg3 Nxe4 24. Nxe4 Bh4 25. f4 Bf5 26. Ng3 Qc8 
27. Rd2 Bh3 28. e4 Qg4 29. f5 Re7 30. Re1 Bf6 31. Qxa5 Bxb2 32. Rxb2 h5 
33. Qb6 h4 34. Qxc5 Ref7 
1/2-1/2

[Event "34th Chess Olympiad (men)"]
[Site "Istanbul"]
[Date "2000.10.29"]
[Round "2.59.2"]
[White "Babic, Nenad"]
[Black "Farleigh, Richard"]
[WhiteElo "2080"]
[BlackElo "2199"]
[WhiteCountry "ISV"]
[BlackCountry "MNC"]
[Result "0-1"]

1. e4 g6 2. g3 Bg7 3. Bg2 c5 4. d3 Nc6 5. Ne2 e6 6. c4 Nge7 7. O-O O-O 
8. Nbc3 a6 9. Rb1 Rb8 10. Bg5 h6 11. Bf4 d6 12. Qd2 Kh7 13. Na4 b5 
14. cxb5 axb5 15. Nac3 b4 16. Na4 Ra8 17. b3 Ba6 18. Nb2 Ra7 19. Nc4 Rd7 
20. Be3 d5 21. exd5 exd5 22. Nb2 c4 23. Qd1 c3 24. Na4 d4 25. Bf4 Bb5 
26. Nc5 Ra7 27. Ra1 g5 28. Be4+ f5 29. Bxc6 Bxc6 30. Bc1 Qd5 31. Ne4 fxe4 
32. dxe4 Qxe4 
0-1

[Event "34th Chess Olympiad (men)"]
[Site "Istanbul"]
[Date "2000.10.29"]
[Round "2.59.3"]
[White "Bussachini, Michel"]
[Black "Jackson, Francis"]
[WhiteElo "2068"]
[BlackElo "2000"]
[WhiteCountry "MNC"]
[BlackCountry "ISV"]
[Result "1-0"]

1. e4 e5 2. Nf3 d6 3. Bc4 Be7 4. d3 Nf6 5. Nc3 c6 6. Bb3 Bg4 7. h3 Bh5 
8. g4 Bg6 9. Qe2 h6 10. Bd2 Nbd7 11. Be3 b5 12. a4 b4 13. Na2 d5 14. exd5 cxd5 
15. Bd2 e4 16. Ng1 a5 17. d4 Rb8 18. Be3 O-O 19. Qd2 Nb6 20. Nc1 Nh7 
21. f3 exf3 22. Nxf3 Be4 23. O-O Bxf3 24. Rxf3 Bg5 25. Nd3 Re8 26. Re1 Bh4 
27. Ref1 f6 28. Qg2 Ng5 29. Bxg5 Bxg5 30. Qg3 Nc4 31. Re1 Rxe1+ 32. Qxe1 Be3+ 
33. Rxe3 Nxe3 34. Qxe3 Qd7 35. Nc5 Qd8 36. Qe6+ Kh8 37. Qd7 Qg8 38. Bxd5 Qd8 
39. Be4 Qxd7 40. Nxd7 Rd8 41. Bc6 Re8 42. d5 Kg8 43. Nb6 Re7 44. Nc4 Ra7 
45. Kf2 Kf8 46. Ke3 Ke7 47. Kd4 g6 48. Kc5 f5 49. gxf5 gxf5 50. Kb6 Rd7 
51. Bxd7 Kxd7 52. Kxa5 f4 53. Kxb4 f3 54. Ne5+ 
1-0

[Event "34th Chess Olympiad (men)"]
[Site "Istanbul"]
[Date "2000.10.29"]
[Round "2.59.4"]
[White "Heywood, Julius"]
[Black "Martinelli, Patrice"]
[WhiteElo "2000"]
[BlackElo "2027"]
[WhiteCountry "ISV"]
[BlackCountry "MNC"]
[Result "1/2-1/2"]

1. e4 d5 2. exd5 Qxd5 3. Nc3 Qd6 4. h3 Nf6 5. Nf3 Bf5 6. d3 c6 7. g3 e5 
8. Qe2 Nbd7 9. Bf4 O-O-O 10. Bxe5 Nxe5 11. Nxe5 Re8 12. f4 Nd7 13. O-O-O Nxe5 
14. fxe5 Qxe5 15. Qxe5 Rxe5 16. g4 Bg6 17. h4 h5 18. Bh3 hxg4 19. Bxg4+ Kc7 
20. d4 Re3 21. d5 f5 22. h5 fxg4 23. hxg6 Rhh3 24. Rxh3 gxh3 25. Rh1 Bd6 
26. Kd2 Bf4 27. Ne2 Bg5 28. dxc6 
1/2-1/2

[Event "34th Chess Olympiad (men)"]
[Site "Istanbul"]
[Date "2000.10.29"]
[Round "2.60.1"]
[White "Al-Modiahki, Mohamad"]
[Black "Faulks, Nick"]
[WhiteElo "2499"]
[BlackElo "2025"]
[WhiteCountry "QAT"]
[BlackCountry "BER"]
[Result "1-0"]

1. e4 c5 2. Nc3 d6 3. f4 Nc6 4. Nf3 g6 5. Bc4 Bg7 6. O-O Nf6 7. d3 O-O 
8. Qe1 e6 9. Bb3 Nd7 10. Ne2 Qb6 11. Qf2 d5 12. Nfd4 cxd4 13. f5 Bf6 
14. Qh4 Qd8 15. e5 Ncb8 16. Nxd4 Nc6 17. c4 dxc4 18. dxc4 Bg7 19. Nc2 Bh6 
20. Na3 
1-0

[Event "34th Chess Olympiad (men)"]
[Site "Istanbul"]
[Date "2000.10.29"]
[Round "2.60.2"]
[White "Rideout, Dan"]
[Black "Al-Sayed, Mohammed"]
[WhiteElo "2000"]
[BlackElo "2370"]
[WhiteCountry "BER"]
[BlackCountry "QAT"]
[Result "0-1"]

1. e4 c5 2. Nc3 g6 3. f4 Bg7 4. Nf3 Nc6 5. Bc4 e6 6. O-O Nge7 7. d3 O-O 
8. e5 d6 9. exd6 Nf5 10. Ne4 Nxd6 11. Bb3 b6 12. Qe1 Bb7 13. Neg5 Qe7 
14. Ne5 Nd4 15. Qh4 h6 16. Ngf3 Qxh4 17. Nxh4 a5 18. Nd7 Rfd8 19. Nxb6 Ra6 
20. Na4 Rc6 21. Nc3 c4 22. dxc4 Nxc4 23. Nf3 Nxb2 24. Bxb2 Nxb3 25. cxb3 Bxc3 
26. Bxc3 Rxc3 27. Rac1 Rxc1 28. Rxc1 Bxf3 29. gxf3 Rd4 30. Rc5 Rd1+ 
31. Kf2 Rd2+ 32. Kg3 Rxa2 33. Rc8+ Kg7 34. Ra8 Ra3 35. Ra6 Kf6 36. h3 g5 
37. Kg4 Rxb3 38. Rxa5 Rb4 39. Kh5 Rxf4 40. Ra3 Ke5 41. h4 Rxh4# 
0-1

[Event "34th Chess Olympiad (men)"]
[Site "Istanbul"]
[Date "2000.10.29"]
[Round "2.60.3"]
[White "Nezad, Husein Aziz"]
[Black "Kast, Harry"]
[WhiteElo "2066"]
[BlackElo "2000"]
[WhiteCountry "QAT"]
[BlackCountry "BER"]
[Result "1-0"]

1. e4 c5 2. c3 d6 3. d4 cxd4 4. cxd4 a6 5. Nc3 Nc6 6. h3 e6 7. Nf3 Nf6 
8. Bd3 Be7 9. O-O h6 10. Qe2 Qc7 11. Re1 b5 12. e5 dxe5 13. dxe5 Nd7 
14. Bf4 Bb7 15. Rac1 Qb6 16. Ne4 Qd4 17. Red1 Qb6 18. Bb1 Nc5 19. Rd2 Bd6 
20. Rxd6 Qa7 21. Be3 Rc8 22. b4 Qa8 23. Bxc5 
1-0

[Event "34th Chess Olympiad (men)"]
[Site "Istanbul"]
[Date "2000.10.29"]
[Round "2.60.4"]
[White "Simmons, Kennedy"]
[Black "Al-Haddad, Hussein"]
[WhiteElo "2000"]
[BlackElo "2000"]
[WhiteCountry "BER"]
[BlackCountry "QAT"]
[Result "0-1"]

1. e4 c6 2. Nf3 d5 3. e5 Bg4 4. d4 e6 5. Bd3 Nd7 6. a3 c5 7. c3 Qb6 8. Qa4 c4 
9. Be2 Ne7 10. Nbd2 Rc8 11. Rb1 Qc7 12. Qxa7 Nb6 13. Qa5 Nc6 14. Qb5 Bf5 
15. Ra1 Bc2 16. b3 Ra8 17. bxc4 Na4 18. cxd5 Ra5 19. d6 Qd7 20. Qc4 f6 
21. Bd3 Nb6 22. Qa2 Bxd3 23. Nb3 Bc4 24. Nfd2 Bxb3 25. Nxb3 Ra8 26. Nc5 Qc8 
27. Nxe6 Ra5 28. Nc7+ Kd8 29. Qf7 Qd7 30. Qb3 Nc8 31. Qxb7 Nxd6 32. exd6 Bxd6 
33. O-O Bxc7 34. Bd2 Bxh2+ 
0-1

[Event "34th Chess Olympiad (men)"]
[Site "Istanbul"]
[Date "2000.10.29"]
[Round "2.61.1"]
[White "Hashim, Hasnul"]
[Black "Gluckman, David"]
[WhiteElo "2000"]
[BlackElo "2400"]
[WhiteCountry "BRU"]
[BlackCountry "RSA"]
[Result "0-1"]

1. e4 e6 2. d3 d5 3. Nd2 Nf6 4. Ngf3 c5 5. g3 Nc6 6. Bg2 Be7 7. O-O Qc7 
8. Re1 O-O 9. c3 b6 10. e5 Nd7 11. Qe2 Ba6 12. a3 Rac8 13. Nf1 d4 14. c4 b5 
15. b3 Na5 16. Rb1 Rb8 17. Bf4 bxc4 18. bxc4 Rb6 19. Qc2 Rfb8 20. N1d2 Bb7 
21. Rb5 Bc6 22. Rxb6 Rxb6 23. Rb1 Qb7 24. Rxb6 axb6 25. h4 b5 26. cxb5 Qxb5 
27. Nc4 Nxc4 28. Qxc4 Qb1+ 29. Kh2 Bb5 30. Qc1 Qxd3 31. Nd2 c4 32. Bf1 Bxa3 
33. Bxd3 Bxc1 34. Bxc4 Ba4 35. Ne4 Bb2 36. Bd3 Bc6 37. Nd6 Nc5 38. Bb1 Bf3 
39. Bd2 h5 40. Bb4 Nd7 41. Nc4 Bc3 42. Bd6 Be2 
0-1

[Event "34th Chess Olympiad (men)"]
[Site "Istanbul"]
[Date "2000.10.29"]
[Round "2.61.2"]
[White "Solomon, Kenny"]
[Black "Tun, Yap"]
[WhiteElo "2267"]
[BlackElo "2000"]
[WhiteCountry "RSA"]
[BlackCountry "BRU"]
[Result "1-0"]

1. d4 Nf6 2. c4 g6 3. Nf3 Bg7 4. g3 d6 5. Bg2 O-O 6. O-O Nbd7 7. Nc3 c5 
8. d5 a6 9. a4 Rb8 10. e4 Re8 11. Re1 Ne5 12. Nxe5 dxe5 13. a5 b5 14. axb6 Qxb6 
15. Bd2 Qb3 16. Qxb3 Rxb3 17. Na4 Nd7 18. Ra3 Rb7 19. Be3 Rc7 20. Bh3 e6 
21. dxe6 fxe6 22. f3 Bf8 23. Rd1 Bb7 24. Rad3 Bc6 25. Ra1 Kf7 26. b3 h6 
27. Nb2 Bb7 28. Rd2 g5 29. Nd3 Bg7 30. Ra5 Rec8 31. Nxc5 Nxc5 32. Rxc5 Ke7 
33. Ra5 Bf6 34. Bg4 Rc6 35. Kf1 R8c7 36. Rd1 Rd7 37. Rxd7+ Kxd7 38. Ke2 Kd6 
39. Bd2 Kd7 40. Be3 Kd6 41. Ra1 Ke7 42. Rd1 Bc8 43. Bc1 Bd7 44. Ba3+ Ke8 
45. Bb4 Kd8 46. Bc3 Ke7 47. Ra1 Bc8 48. Kd3 Bb7 49. Kc2 Kd7 50. Ra5 Kd6 
51. f4 Ke7 52. Bxe5 Rc8 53. Bxf6+ Kxf6 54. Bf3 Kg6 55. f5+ Kf7 56. fxe6+ Ke7 
57. Kd3 Ra8 58. Ke3 Kxe6 59. h4 Rg8 60. Bg4+ Kd6 61. e5+ Kc7 62. hxg5 Rxg5 
63. Kf4 Kb6 64. b4 Rg8 65. e6 Kc7 66. e7 Kd6 67. Re5 Bc6 68. Re6+ Kc7 
69. Rxc6+ Kxc6 70. Bh5 Kd7 71. e8=Q+ Rxe8 72. Bxe8+ Kxe8 73. g4 Ke7 74. Kf5 Kd7 
75. b5 a5 76. b6 
1-0

[Event "34th Chess Olympiad (men)"]
[Site "Istanbul"]
[Date "2000.10.29"]
[Round "2.61.3"]
[White "Yusof, Abdul"]
[Black "Van Der Nat, Nicholas"]
[WhiteElo "2000"]
[BlackElo "2116"]
[WhiteCountry "BRU"]
[BlackCountry "RSA"]
[Result "0-1"]

1. d4 Nf6 2. c4 g6 3. Nf3 Bg7 4. g3 O-O 5. Bg2 d6 6. O-O Nbd7 7. Nc3 c6 
8. Bg5 h6 9. Bd2 e5 10. dxe5 dxe5 11. Qc1 Kh7 12. Rd1 Qe7 13. e4 Nc5 
14. Qc2 Bg4 15. Be3 Nfd7 16. b4 Ne6 17. Ne2 a5 18. bxa5 Ndc5 19. h3 Bxf3 
20. Bxf3 Rxa5 21. h4 Rd8 22. Bg4 Ra3 23. Kg2 Nb3 24. Rab1 Nbd4 25. Bxd4 Nxd4 
26. Nxd4 exd4 27. Qe2 Rxa2 28. Qf3 h5 29. Bh3 Rc2 30. Ra1 Rc3 31. Qe2 d3 
32. Qe3 d2 33. Qe2 Rc1 34. Qxd2 Rxa1 
0-1

[Event "34th Chess Olympiad (men)"]
[Site "Istanbul"]
[Date "2000.10.29"]
[Round "2.61.4"]
[White "Kromhout, Ewan"]
[Black "Voon Choon, Leong"]
[WhiteElo "2000"]
[BlackElo "2000"]
[WhiteCountry "RSA"]
[BlackCountry "BRU"]
[Result "1-0"]

1. d4 d6 2. e4 Nf6 3. Nc3 g6 4. Nf3 Bg7 5. Bc4 O-O 6. Qe2 Nbd7 7. e5 dxe5 
8. dxe5 Ng4 9. e6 Nb6 10. exf7+ Kh8 11. Bb3 c5 12. O-O Qc7 13. Be6 Qd6 
14. Bxc8 Nxc8 15. Rd1 Qc6 16. h3 Nf6 17. Ng5 h6 18. Ne6 Rxf7 19. Nd8 Qe8 
20. Nxf7+ Qxf7 21. Rd8+ Kh7 22. Be3 b6 23. Rad1 Ne8 24. Qa6 Ned6 25. R1xd6 exd6 
26. Rxc8 Rxc8 27. Qxc8 d5 28. Bxc5 bxc5 29. Qxc5 d4 30. Nd5 Qe6 31. Qc4 Qe1+ 
32. Qf1 Qd2 33. Qd3 Qe1+ 34. Qf1 Qd2 35. Qb1 d3 36. cxd3 Bd4 37. Ne3 a5 
38. b3 h5 39. a3 g5 40. b4 axb4 41. axb4 g4 42. Qc2 Bxe3 43. Qc7+ Kg6 
44. Qc6+ Kf7 45. Qd5+ Kf8 46. Qf5+ Kg7 47. Qe5+ Kf8 48. Qxe3 Qxb4 49. hxg4 hxg4 
50. Qe4 Qb1+ 51. Kh2 Qb8+ 52. g3 Qb2 53. Kg2 Qg7 54. Qa8+ Kf7 55. Qa7+ Kg6 
56. Qxg7+ Kxg7 57. f3 
1-0

[Event "34th Chess Olympiad (men)"]
[Site "Istanbul"]
[Date "2000.10.29"]
[Round "2.62.1"]
[White "Kayle, Charles"]
[Black "Murasira, Albert"]
[WhiteElo "2097"]
[BlackElo "2000"]
[WhiteCountry "PLE"]
[BlackCountry "RWA"]
[Result "1-0"]

1. d4 g6 2. c4 Bg7 3. Nc3 Nf6 4. e4 d6 5. f4 b6 6. Nf3 Bb7 7. e5 dxe5 
8. fxe5 Nfd7 9. Be2 Nc6 10. O-O O-O 11. Qe1 e6 12. Qg3 Ndb8 13. Be3 Ne7 
14. Bd3 Nbc6 15. Rad1 Nb4 16. Bb1 Bxf3 17. Rxf3 Nf5 18. Bxf5 exf5 19. Rxf5 Nc2 
20. Bg5 Qd7 21. Rf4 h6 22. Bf6 Bxf6 23. exf6 Qe6 24. Nd5 Qe2 25. Qd3 Qxd3 
26. Rxd3 c6 27. Ne7+ Kh7 28. Nxc6 Rac8 29. d5 Rfe8 30. Ne7 Nb4 31. Rd1 Rcd8 
32. a3 Na6 33. b4 Rd6 34. h4 h5 35. Rdf1 Kh6 36. g4 hxg4 37. Rxg4 Nb8 38. h5 g5 
39. Nf5+ Kxh5 40. Nxd6 Re3 41. Rg2 Kg6 42. Rf5 Nd7 43. Rgxg5+ 
1-0

[Event "34th Chess Olympiad (men)"]
[Site "Istanbul"]
[Date "2000.10.29"]
[Round "2.62.2"]
[White "Minani, Froduald"]
[Black "Asaad, Salah"]
[WhiteElo "2000"]
[BlackElo "2000"]
[WhiteCountry "RWA"]
[BlackCountry "PLE"]
[Result "0-1"]

1. e4 c5 2. Bc4 a6 3. Qf3 e6 4. d3 Nc6 5. Qd1 Nge7 6. c3 b5 7. Bb3 Ng6 
8. Nf3 Be7 9. O-O O-O 10. Re1 d5 11. e5 d4 12. cxd4 Nxd4 13. Nxd4 Qxd4 
14. Re4 Qd7 15. Re1 Bb7 16. Qe2 Rad8 17. Bc2 Qc6 18. f3 Rd5 19. d4 Rxd4 
20. Be3 Rd7 21. Bxg6 fxg6 22. Bf2 Rfd8 23. Be3 c4 24. Nc3 Qc7 25. Bf4 Rd4 
26. Ne4 Bxe4 27. fxe4 g5 28. Bg3 Rd2 29. Qg4 Qb6+ 30. Kh1 Rxb2 31. Re2 Rxe2 
32. Qxe2 Qd4 33. Rf1 Qd3 34. Qxd3 Rxd3 35. Rc1 Ba3 36. Rf1 c3 37. h4 Rxg3 
38. hxg5 c2 39. Kh2 Rxg5 
0-1

[Event "34th Chess Olympiad (men)"]
[Site "Istanbul"]
[Date "2000.10.29"]
[Round "2.62.3"]
[White "Lekke, Khaled"]
[Black "Mutabazi, Fidele"]
[WhiteElo "2000"]
[BlackElo "2000"]
[WhiteCountry "PLE"]
[BlackCountry "RWA"]
[Result "1-0"]

1. d4 b6 2. c4 Bb7 3. Nc3 e6 4. a3 Nf6 5. Qc2 Be7 6. e4 O-O 7. Nf3 d6 
8. Bd3 Kh8 9. Bf4 Ne8 10. Rd1 Nd7 11. e5 Qc8 12. h4 f5 13. Bg5 Rf7 
14. Bxe7 Rxe7 15. Ne2 Bxf3 16. gxf3 dxe5 17. Rg1 exd4 18. Nxd4 Ne5 19. Be2 c5 
20. Nb5 Qc6 21. Qc3 Nd7 22. f4 Ndf6 23. Bf3 Ne4 24. Qe5 a6 25. Nc3 N8f6 
26. Nd5 Rd7 27. Nxf6 Rxd1+ 28. Kxd1 Qa4+ 29. Ke1 gxf6 30. Rg8+ Kxg8 31. Bh5 Kh8 
32. Bf7 h6 33. Bg6 
1-0

[Event "34th Chess Olympiad (men)"]
[Site "Istanbul"]
[Date "2000.10.29"]
[Round "2.62.4"]
[White "Uwihoreye, Charles"]
[Black "Mawed, Mohamed"]
[WhiteElo "2000"]
[BlackElo "2000"]
[WhiteCountry "RWA"]
[BlackCountry "PLE"]
[Result "1/2-1/2"]

1. Nf3 d5 2. d4 Nc6 3. e3 Nf6 4. Nbd2 a6 5. c3 Bf5 6. Be2 h6 7. O-O e6 
8. Ne5 Nxe5 9. dxe5 Nd7 10. f4 Bc5 11. Nb3 Bb6 12. Nd4 Be4 13. Bf3 Nc5 
14. b4 Bxf3 15. Rxf3 Ne4 16. Qd3 g6 17. Bd2 a5 18. Be1 c6 19. b5 c5 20. Ne2 c4 
21. Qc2 a4 22. a3 Qd7 23. Rb1 Nc5 24. Nd4 Nb3 25. Bh4 Bxd4 26. exd4 Qxb5 
27. Bf6 Rg8 28. Rh3 h5 29. Qf2 Qc6 30. Qc2 b5 31. Re3 Kd7 32. Ree1 Rae8 
33. Rb2 Kc7 34. Reb1 Kb6 35. Qf2 Ka6 36. Qh4 Rb8 37. Be7 Rb7 38. Bb4 Qd7 
39. Qf2 Qd8 40. h4 Na5 41. g3 Nc6 42. Bc5 Ne7 43. Bxe7 Qxe7 44. Rb4 Rgb8 
45. Qe3 Rb6 46. Kf2 f6 47. Kg2 Qg7 48. Re1 f5 49. Qf3 Qh7 50. Reb1 Qe7 
51. Qf1 Qf8 52. Qd1 Ka5 53. R1b2 Qe7 54. Qb1 Qf8 55. Kf2 Qe7 56. Ke3 Qf8 
57. Qh1 Qf7 58. Qf3 Qf8 59. Rf2 Qf7 60. Rh2 Qf8 61. Qd1 Qf7 62. Qc2 Qf8 
63. Rh1 Qf7 64. Rg1 Rf8 65. Rgb1 Rfb8 66. Kf3 Qf8 67. Qd2 Qf7 68. R1b2 Qf8 
69. Qc2 Qf7 70. Qb1 Qf8 71. Re2 Qf7 72. Rh2 Rf8 73. Qa2 Rh8 74. Rb1 Qe7 
75. Qb2 Qf8 76. Ra1 Qe7 77. Rhh1 Qf8 78. Rhb1 Qe7 79. Qc2 Qf7 80. Rb4 Rf8 
81. Rab1 Rfb8 82. R1b2 R8b7 83. Ke3 Rb8 84. Qb1 Qf8 85. Kf3 Qf7 86. Rf2 R8b7 
87. Kg2 Rb8 88. Qf1 Qf8 89. Qh1 Qf7 90. Qf1 Qf8 91. Re2 Qf7 92. Kh1 Qf8 
93. Qg1 Qf7 94. Reb2 Qf8 95. Kh2 Qf7 96. Qh1 
1/2-1/2

[Event "34th Chess Olympiad (men)"]
[Site "Istanbul"]
[Date "2000.10.29"]
[Round "2.63.1"]
[White "Rowe, Peter"]
[Black "Krylov, Sergey"]
[WhiteElo "2092"]
[BlackElo "2344"]
[WhiteCountry "GCI"]
[BlackCountry "IBSA"]
[Result "0-1"]

1. d4 Nf6 2. Nf3 g6 3. Bg5 Bg7 4. e3 d6 5. Nbd2 Nbd7 6. Bd3 c5 7. c3 b6 
8. Qa4 O-O 9. O-O a6 10. Rfe1 Bb7 11. Qc2 Rc8 12. a4 Qc7 13. h3 Rfe8 
14. Qb1 cxd4 15. exd4 e5 16. dxe5 dxe5 17. Ne4 Nd5 18. Bf1 f5 19. Ned2 e4 
20. Nd4 h6 21. Bh4 Bxd4 22. cxd4 Qf4 23. Nc4 Qxh4 24. Nd6 e3 25. Kh1 exf2 
26. Rxe8+ Rxe8 27. Nxe8 Ne5 28. Kh2 Ng4+ 
0-1

[Event "34th Chess Olympiad (men)"]
[Site "Istanbul"]
[Date "2000.10.29"]
[Round "2.63.2"]
[White "Berlinsky, Vladimir"]
[Black "Cutter, Paul"]
[WhiteElo "2352"]
[BlackElo "2122"]
[WhiteCountry "IBSA"]
[BlackCountry "GCI"]
[Result "1-0"]

1. e4 e5 2. Nf3 d6 3. d4 Nf6 4. dxe5 Nxe4 5. Nbd2 Nxd2 6. Bxd2 Nc6 7. Bb5 Bd7 
8. Qe2 d5 9. O-O-O Be7 10. Bc3 a6 11. Ba4 b5 12. Rxd5 Qc8 13. Rxd7 Qxd7 
14. Bb3 O-O-O 15. Bxf7 Qg4 16. Kb1 Rhf8 17. h3 Qxg2 18. Rh2 Qxh2 19. Nxh2 Rxf7 
20. a4 Na7 21. Ng4 Rdf8 22. e6 Rf4 23. Bxg7 R8f5 24. Be5 Rxa4 25. Qd3 Rf8 
26. Qd7+ 
1-0

[Event "34th Chess Olympiad (men)"]
[Site "Istanbul"]
[Date "2000.10.29"]
[Round "2.63.3"]
[White "Cummins, John"]
[Black "Dukaczewski, Piotr"]
[WhiteElo "2000"]
[BlackElo "2292"]
[WhiteCountry "GCI"]
[BlackCountry "IBSA"]
[Result "0-1"]

1. e4 c6 2. Nc3 d5 3. d4 dxe4 4. Nxe4 Nd7 5. Bc4 Ngf6 6. Ng3 e6 7. Nf3 Bd6 
8. Qe2 O-O 9. O-O Qc7 10. Bd3 e5 11. dxe5 Nxe5 12. Nxe5 Bxe5 13. h3 Re8 
14. Qf3 Be6 15. Ne4 Nxe4 16. Bxe4 Rad8 17. c3 f5 18. Bc2 f4 19. Qe4 g6 
20. f3 Bd5 21. Qa4 b5 22. Qa6 Bd6 23. Bb3 Bc5+ 24. Kh1 Re2 25. Bxd5+ Rxd5 
26. c4 Rh5 27. cxb5 Rxh3+ 28. gxh3 
0-1

[Event "34th Chess Olympiad (men)"]
[Site "Istanbul"]
[Date "2000.10.29"]
[Round "2.63.4"]
[White "Wassin, Sergey"]
[Black "Manzanilla, Ernesto"]
[WhiteElo "2305"]
[BlackElo "2155"]
[WhiteCountry "IBSA"]
[BlackCountry "GCI"]
[Result "1-0"]

1. Nf3 d5 2. d4 c6 3. Bg5 Nd7 4. e3 Ngf6 5. Bd3 g6 6. Nbd2 b5 7. O-O Bg7 
8. a4 b4 9. e4 dxe4 10. Nxe4 a5 11. Re1 O-O 12. Qe2 Re8 13. Rad1 Bb7 
14. Bc4 Nb6 15. Nc5 Nxc4 16. Qxc4 Bc8 17. Ne5 Qd5 18. Qxd5 cxd5 19. Nc6 e6 
20. Bxf6 Bxf6 21. c3 b3 22. Ra1 Bg7 23. Nxb3 Bd7 24. Ne5 Bxe5 25. Rxe5 Rec8 
26. Nc5 Be8 27. Ree1 Rab8 28. Rab1 Kg7 29. b4 axb4 30. cxb4 Rb6 31. f4 Kf6 
32. Kf2 h6 33. g4 g5 34. Kf3 Kg6 35. b5 Rcb8 36. Rec1 h5 37. fxg5 Kxg5 
38. gxh5 Kxh5 39. Na6 R8b7 40. Nc7 Bd7 41. a5 e5 42. axb6 exd4 43. Ke2 Bg4+ 
44. Kd3 
1-0